Building masonry with lime-based bedding mortars (Record no. 105038)
[ view plain ]
| 000 -LEADER | |
|---|---|
| fixed length control field | 01464cam a2200229 4500 |
| 001 - CONTROL NUMBER | |
| control field | ##L132148 |
| 008 - FIXED-LENGTH DATA ELEMENTS--GENERAL INFORMATION | |
| fixed length control field | 060116n2005 000 0 eng u |
| 020 ## - INTERNATIONAL STANDARD BOOK NUMBER | |
| International Standard Book Number | 1860818897 |
| 035 ## - SYSTEM CONTROL NUMBER | |
| System control number | (Sirsi) u132148 |
| 041 0# - LANGUAGE CODE | |
| Language code of text/sound track or separate title | eng |
| 050 04 - LIBRARY OF CONGRESS CALL NUMBER | |
| Classification number | 695.5 $2 18 |
| 100 1# - MAIN ENTRY--PERSONAL NAME | |
| Personal name | Vekey, Bob de |
| 245 00 - TITLE STATEMENT | |
| Title | Building masonry with lime-based bedding mortars |
| 260 ## - PUBLICATION, DISTRIBUTION, ETC. | |
| Place of publication, distribution, etc. | Watford |
| Name of publisher, distributor, etc. | BRE |
| Date of publication, distribution, etc. | 2005 |
| 300 ## - PHYSICAL DESCRIPTION | |
| Extent | 8p. |
| Other physical details | ill |
| Dimensions | 30cm. |
| 490 #0 - SERIES STATEMENT | |
| Series statement | BRE Good Building Guide |
| Volume/sequential designation | GBG 66 |
| 520 ## - SUMMARY, ETC. | |
| Summary, etc. | Lime mortars are currently enjoying a revival and are being promoted by conservation organisations for restoration work and by environmentalists and environmentally-friendly material. Some of the benefits of lime mortars are that they allow the walls to breathe, are relatively flexible (accommodating some movement), give some protection to surrounding brick and stone against salt and frost damage, self-heal when exposed to air, and allow brick and stone to be reclaimed after demolition. This report gives guidance on the properties of lime mortars, mortar mix design and working with lime mortars. However, due to the variation of practices within the British Isles, it advices to make sure that proposed works comply with local specifications, especially for heritage buildings. |
| 590 ## - LOCAL NOTE (RLIN) | |
| Local note | IKA170106 |
| 690 ## - LOCAL SUBJECT ADDED ENTRY--TOPICAL TERM (OCLC, RLIN) | |
| Topical term or geographic name as entry element | BUILT ENVIRONMENT-BUILDING MATERIALS-CEMENTITIOUS, CONCRETE AND MINERAL BOUND MATERIALS |
| 710 1# - ADDED ENTRY--CORPORATE NAME | |
| Corporate name or jurisdiction name as entry element | United Kingdom |
| Subordinate unit | Department of Trade and Industry |
| 942 ## - ADDED ENTRY ELEMENTS (KOHA) | |
| Suppress in OPAC | 0 |
| Withdrawn status | Lost status | Source of classification or shelving scheme | Damaged status | Not for loan | Home library | Current library | Shelving location | Date acquired | Total Checkouts | Full call number | Barcode | Date last seen | Date last checked out | Copy number | Price effective from | Koha item type |
|---|---|---|---|---|---|---|---|---|---|---|---|---|---|---|---|---|
| Dewey Decimal Classification | London | London | BRE publications | 16/01/2006 | 6 | ENQUIRY DESK | 30071584 | 06/08/2019 | 20/10/2009 | 1 | 06/08/2019 | Book |